00411nam a2200109Ia 4500008004100000100002200041245007100063260006400134300001800198650001500216856007000231160712s9999 xx 000 0 und d aLocatelli, Carla. cCarla LocatelliaThe Space of Travel Writing and the Filipino Gaze c2013bJournal of English Studies and Comparative Literature avol. 13 no. 1 xLITERATURE uhttp://journals.upd.edu.ph/index.php/jescl/issue/view/410/showToc